Output decline in transition <the> case of Kazakhstan

Na minha lista:
Detalhes bibliográficos
Autor principal: Broeck, Mark De
Outros Autores: Kostial, Kristina
Formato: Livro
Idioma:inglês
Publicado em: Washington International Monetary Fund 1998
Colecção:IMF Working Paper 45
Assuntos:
Tags: Adicionar Tag
Sem tags, seja o primeiro a adicionar uma tag!

MARC

LEADER 00000nam a2200000 4500
001 c102590
005 20221221083138.5
041 0 |a eng 
044 |a US 
245 1 0 |a Output decline in transition  |b <the> case of Kazakhstan  |c Mark De Broeck, Kristina Kostial 
264 1 |a Washington  |b International Monetary Fund  |c 1998 
300 |a 78 s. 
490 1 |a IMF Working Paper  |v 45 
830 0 |a IMF Working Paper  |v 45 
610 2 0 |a transformácia 
610 2 0 |a analýza ekonometrická 
610 2 0 |a produktivita 
610 2 0 |a priemysel 
610 2 0 |a hospodárstvo národné 
610 2 0 |a Kazachstan 
100 1 |a Broeck, Mark De 
700 1 |a Kostial, Kristina